000 00504nam a2200193Ia 4500
005 20230710114714.0
008 210423s2001 xx 000 0 und d
040 _cAL
041 _aeng
082 _a320.8K
_b23
_2MEEG
100 _aMEERA (M)
_954856
245 _aGramasabhe janara sabhe
260 _bInstitute of social sciences
_c2001
365 _b50
_cINR
650 _aLocal Government
_954857
650 _aPolitical Science
_954858
906 _aGrama ; janara ; sabha
942 _2ddc
_cBK
999 _c173902
_d173902